000 00293 a2200109 4500
020 _a9780133807738
100 _aRobert J. Art, Robert Jervis
245 _aInternational Politics: Enduring Concepts and Contemporary Issues
250 _a12th Edition
260 _b Pearson
_c2015
942 _cBK
999 _c572909
_d572909